00658nam a22002177a 45000010005000000030006000050050017000110080041000280200018000690400029000870500008001161000020001242450098001442600033002423000049002754900025003245050008003495210029003575210020003867000034004067137FISKH20250625152134.0250625b cb ||||| |||| 00| 0 eng d a9788956355122 aFISKHbengcFISKHdFISKH aPZ7 aSormark, Julie  aThe Christmas chimes / cRetold by Julie Sormark : through the Art style of Wassily Kandinsky aSeoul : be-future , c2010. a35 pages : bcolor illustrations ;c23 cm .  aArt classic stories  aJ 8 a500 bLexile estimate 8 aJ bRaz-Plus  aYim , JeongyeoneIllustrator